[Event "Vienna Advent op"]
[Site "Vienna"]
[Date "2023.12.14"]
[Round "4"]
[White "Weichhart, Daniel"]
[Black "Somasundram, Jayakumar"]
[Result "1-0"]
[WhiteElo "1852"]
[BlackElo "1781"]
[PlyCount "89"]
[EventDate "2023.12.11"]
[EventType "swiss"]
[EventRounds "7"]
[EventCountry "AUT"]
[SourceTitle "CB51_2023"]
[SourceDate "2023.12.20"]
[SourceVersion "1"]
[SourceVersionDate "2023.12.20"]
[SourceQuality "1"]

1. d4 d5 2. Nf3 e6 3. c4 a6 4. cxd5 exd5 5. Nc3 h6 6. Bf4 Nf6 7. e3 Bd6 8. Bg3 Qe7 9. Be2 0-0 10. Qc2 Be6 11. 0-0 Re8 12. Ne5 b5 13. Rac1 Bc8 14. Bf3 Bb7 15. Qb3 c6 16. e4 Bxe5 17. dxe5 Nxe4 18. Bxe4 dxe4 19. Nxe4 Bc8 20. Nd6 Be6 21. Qc3 Rf8 22. f4 Bd5 23. Nf5 Qe6 24. Nd4 Qe7 25. f5 b4 26. Qd2 f6 27. e6 c5 28. Nb3 Rd8 29. Rfd1 Nc6 30. Nxc5 Bf3 31. Nd7 Bxd1 32. Bd6 Rxd7 33. exd7 Qxd7 34. Qxd1 Qa7+ 35. Kf1 Nd4 36. Bc5 Qc7 37. Qxd4 Qxh2 38. Re1 Rc8 39. Qe4 Kh7 40. Qg4 Rg8 41. Bxb4 h5 42. Qg6+ Kh8 43. Bc3 Qf4+ 44. Kg1 Qh4 45. g3 1-0

[Event "Vienna Advent op"]
[Site "Vienna"]
[Date "2023.12.12"]
[Round "2"]
[White "Weichhart, Daniel"]
[Black "Fuchs, Patrick1"]
[Result "0-1"]
[WhiteElo "1852"]
[BlackElo "2116"]
[PlyCount "38"]
[EventDate "2023.12.11"]
[EventType "swiss"]
[EventRounds "7"]
[EventCountry "AUT"]
[SourceTitle "CB51_2023"]
[SourceDate "2023.12.20"]
[SourceVersion "1"]
[SourceVersionDate "2023.12.20"]
[SourceQuality "1"]

1. Nf3 d5 2. g3 Nc6 3. d4 Bf5 4. Bg2 Nb4 5. Na3 e6 6. 0-0 Be7 7. c3 Nc6 8. c4 Bxa3 9. bxa3 Be4 10. Qa4 dxc4 11. Qxc4 Qd5 12. Qxd5 Bxd5 13. Bf4 0-0-0 14. Rfc1 f6 15. h4 Nge7 16. h5 g5 17. hxg6 hxg6 18. Rab1 g5 19. Bd2 g4 0-1

[Event "AUT-ch"]
[Site "Vienna"]
[Date "2022.08.12"]
[Round "1"]
[White "Gschiel, Alexander"]
[Black "Weichhart, Daniel"]
[Result "1-0"]
[WhiteElo "2214"]
[BlackElo "1949"]
[PlyCount "81"]
[EventDate "2022.08.12"]
[EventType "swiss"]
[EventRounds "9"]
[EventCountry "AUT"]
[SourceTitle "CBM 209 Extra"]
[Source "ChessBase"]
[SourceDate "2022.09.30"]
[SourceVersion "1"]
[SourceVersionDate "2022.09.30"]
[SourceQuality "1"]

1. d4 d5 2. c4 c6 3. Nf3 Nf6 4. Nc3 e6 5. g3 Nbd7 6. Bg2 dxc4 7. a4 Bd6 8. Nd2 e5 9. Nxc4 Bc7 10. 0-0 0-0 11. Be3 Ng4 12. d5 Nxe3 13. Nxe3 cxd5 14. Ncxd5 Nf6 15. Nxc7 Qxc7 16. Rc1 Qe7 17. Qc2 Rd8 18. Nf5 Bxf5 19. Qxf5 Rd2 20. Rc8+ Rd8 21. Rxa8 Rxa8 22. Rc1 g6 23. Qf3 Rb8 24. a5 Kg7 25. Qe3 b6 26. a6 Rd8 27. Qc3 Nd5 28. Qc4 Nb4 29. Bb7 Rd4 30. Qc7 Rd7 31. Qb8 Rd2 32. Rc8 Rxe2 33. Rg8+ Kf6 34. Qc8 Rxb2 35. Qc3 Rb1+ 36. Kg2 Qc5 37. Qf3+ Ke7 38. Qe4 Rb2 39. Qh4+ Ke6 40. Re8+ Kf5 41. Be4# 1-0

[Event "Schwarzacher op 35th"]
[Site "Schwarzach"]
[Date "2022.07.21"]
[Round "6"]
[White "Rolletschek, Heinrich"]
[Black "Weichhart, Daniel"]
[Result "1-0"]
[WhiteElo "2192"]
[BlackElo "1965"]
[PlyCount "39"]
[EventDate "2022.07.17"]
[EventType "swiss"]
[EventRounds "9"]
[EventCountry "AUT"]
[SourceTitle "CBM 209 Extra"]
[Source "ChessBase"]
[SourceDate "2022.09.30"]
[SourceVersion "1"]
[SourceVersionDate "2022.09.30"]
[SourceQuality "1"]

1. e4 c5 2. Nf3 Nc6 3. d4 cxd4 4. Nxd4 e5 5. Ne2 Nf6 6. Nbc3 Bc5 7. Ng3 0-0 8. Be2 Bb4 9. Bd2 Bxc3 10. Bxc3 d5 11. Bd3 Be6 12. 0-0 Qc7 13. Qe1 Rad8 14. a3 Rfe8 15. f3 dxe4 16. fxe4 Nd4 17. Rxf6 gxf6 18. Nh5 Kh8 19. Qh4 Qe7 20. Bb4 1-0

[Event "Styrian op U14/18 27th"]
[Site "Mureck"]
[Date "2021.08.10"]
[Round "7"]
[White "Weichhart, Daniel"]
[Black "Drevensek, Doroteja"]
[Result "1-0"]
[WhiteElo "1770"]
[BlackElo "1521"]
[PlyCount "89"]
[EventDate "2021.08.04"]
[EventType "swiss"]
[EventRounds "9"]
[EventCountry "AUT"]
[SourceTitle "EXT 2022"]
[Source "ChessBase"]
[SourceDate "2021.10.06"]
[SourceVersion "1"]
[SourceVersionDate "2021.10.06"]
[SourceQuality "1"]

1. c4 e5 2. g3 Nf6 3. Bg2 Nc6 4. Nc3 Bb4 5. Nd5 Bc5 6. e3 0-0 7. Ne2 Nxd5 8. cxd5 Ne7 9. 0-0 d6 10. d4 Bb6 11. b3 exd4 12. Nxd4 Ng6 13. Bb2 Re8 14. a4 a6 15. a5 Bc5 16. Qd2 Ne5 17. Rac1 Bd7 18. b4 Bxd4 19. Qxd4 Bb5 20. f4 Bxf1 21. Rxf1 f6 22. fxe5 fxe5 23. Qg4 Qe7 24. Qe6+ Kh8 25. Qh3 Qg5 26. Bc1 Rf8 27. Be4 g6 28. Qg2 Kg7 29. Bf3 Qe7 30. Qh3 g5 31. Kg2 h6 32. Bd2 Rf6 33. Be4 Rxf1 34. Kxf1 Rf8+ 35. Bf5 Qd7 36. e4 Qe7 37. Qg4 Qe8 38. h4 Qb5+ 39. Ke1 Qe8 40. hxg5 h5 41. Qh4 Rh8 42. g6 Qf8 43. Bg5 Qe8 44. Bf6+ Kg8 45. Be6+ 1-0

[Event "Styrian op U14/18 27th"]
[Site "Mureck"]
[Date "2021.08.04"]
[Round "1"]
[White "Weichhart, Daniel"]
[Black "Braun, Hagen"]
[Result "1-0"]
[WhiteElo "1770"]
[BlackElo "1227"]
[PlyCount "73"]
[EventDate "2021.08.04"]
[EventType "swiss"]
[EventRounds "9"]
[EventCountry "AUT"]
[SourceTitle "EXT 2022"]
[Source "ChessBase"]
[SourceDate "2021.10.06"]
[SourceVersion "1"]
[SourceVersionDate "2021.10.06"]
[SourceQuality "1"]

1. d4 d5 2. c4 e6 3. Nf3 Nf6 4. g3 c5 5. cxd5 Nxd5 6. Bg2 Nc6 7. 0-0 Be7 8. Nc3 0-0 9. Nxd5 Qxd5 10. Ne5 Qxd4 11. Nxc6 bxc6 12. Qc2 Bb7 13. Be3 Qe5 14. Rac1 Rfc8 15. Rfd1 Rd8 16. Rd3 Rab8 17. Bf4 Qf6 18. Bxb8 Rxb8 19. Rb3 e5 20. Rd1 Qe6 21. Be4 g6 22. Bd3 Qc8 23. Bc4 Qc7 24. Rf3 Rf8 25. Qb3 Bg5 26. h4 Bh6 27. Rfd3 Bc8 28. Qa3 e4 29. Rd6 Re8 30. Qxc5 Bf8 31. Rxc6 Qb7 32. Qb5 Qe7 33. Rf6 e3 34. f4 Rd8 35. Rxd8 Qxd8 36. Rxf7 Qd1+ 37. Kh2 1-0

[Event "AUT-ch U16 Online Rapid"]
[Site "Playchess.com INT"]
[Date "2020.12.13"]
[Round "4"]
[White "Morgunov, Marc"]
[Black "Weichhart, Daniel"]
[Result "1-0"]
[WhiteElo "1983"]
[BlackElo "1801"]
[PlyCount "20"]
[EventDate "2020.12.13"]
[EventType "swiss (rapid)"]
[EventRounds "7"]
[EventCountry "AUT"]
[SourceTitle "EXT 2022"]
[Source "ChessBase"]
[SourceDate "2021.10.06"]
[SourceVersion "1"]
[SourceVersionDate "2021.10.06"]
[SourceQuality "1"]

1. e4 e6 2. d3 d5 3. Nd2 Nf6 4. Ngf3 Nc6 5. g3 dxe4 6. dxe4 Bc5 7. Bg2 e5 8. 0-0 0-0 9. c3 a5 10. a4 b6 1-0

[Event "AUT-ch U16 Online Blitz"]
[Site "Playchess.com INT"]
[Date "2020.12.11"]
[Round "1"]
[White "Schernthaner, David"]
[Black "Weichhart, Daniel"]
[Result "1/2-1/2"]
[WhiteElo "2048"]
[BlackElo "1786"]
[PlyCount "121"]
[EventDate "2020.12.11"]
[EventType "swiss (blitz)"]
[EventRounds "7"]
[EventCountry "AUT"]
[SourceTitle "EXT 2022"]
[Source "ChessBase"]
[SourceDate "2021.10.06"]
[SourceVersion "1"]
[SourceVersionDate "2021.10.06"]
[SourceQuality "1"]

1. e4 e6 2. d4 d5 3. Nd2 c5 4. Ngf3 cxd4 5. Nxd4 Nf6 6. exd5 Qxd5 7. Nb5 Na6 8. a3 Bd7 9. Nc3 Qc6 10. Nf3 Bd6 11. Be2 0-0 12. 0-0 Rfd8 13. Qd4 Qc7 14. Qh4 Bc6 15. Bg5 Be7 16. Qh3 h6 17. Bh4 Ne4 18. Nxe4 Bxe4 19. Bxe7 Qxe7 20. Bxa6 bxa6 21. c3 Rab8 22. b4 Rdc8 23. Rac1 Qf6 24. Nd4 e5 25. Nb3 Rc7 26. Nc5 Qg6 27. Qg3 Rbc8 28. Qxg6 Bxg6 29. Rfe1 f6 30. Red1 Bf7 31. Rd6 Bc4 32. Rcd1 Rc6 33. Rd7 R8c7 34. Rd8+ Kh7 35. R1d7 Bb5 36. Rxc7 Rxc7 37. f3 a5 38. Kf2 axb4 39. axb4 a5 40. Ke3 axb4 41. cxb4 Bf1 42. g3 Rc6 43. Rb8 Kg6 44. Rb7 Ba6 45. Ra7 Bc4 46. Rb7 Ba6 47. Rb8 Bc4 48. Nd7 Be6 49. Nf8+ Kf7 50. Nxe6 Kxe6 51. Rb7 g6 52. Rh7 h5 53. Rg7 Rb6 54. Rxg6 Rxb4 55. Rh6 Rb3+ 56. Kf2 Rb2+ 57. Kg1 Rb1+ 58. Kg2 Rb2+ 59. Kh3 Rf2 60. Rxh5 Rxf3 61. Rh8 1/2-1/2

[Event "AUT-ch Vor4 Internet"]
[Site "Playchess.com INT"]
[Date "2020.04.25"]
[Round "1"]
[White "Weichhart, Daniel"]
[Black "Pasteiner, Gernot"]
[Result "1-0"]
[WhiteElo "1648"]
[BlackElo "1632"]
[PlyCount "23"]
[EventDate "2020.04.25"]
[EventType "swiss (blitz)"]
[EventRounds "9"]
[EventCountry "AUT"]
[SourceTitle "EXT 2021"]
[Source "ChessBase"]
[SourceDate "2020.10.23"]
[SourceVersion "1"]
[SourceVersionDate "2020.10.23"]
[SourceQuality "1"]

1. d4 e5 2. dxe5 Nc6 3. Bf4 Qe7 4. Nc3 Nxe5 5. e3 Nf6 6. Nf3 Nxf3+ 7. Qxf3 d6 8. h3 g6 9. Bg5 Bg7 10. Nd5 Qe4 11. Nxf6+ Bxf6 12. Qxe4+ 1-0

[Event "AUT-ch Vor3 Internet"]
[Site "Playchess.com INT"]
[Date "2020.04.17"]
[Round "1"]
[White "Alvir, Aco"]
[Black "Weichhart, Daniel"]
[Result "1/2-1/2"]
[WhiteElo "2338"]
[BlackElo "1648"]
[PlyCount "119"]
[EventDate "2020.04.17"]
[EventType "swiss (blitz)"]
[EventRounds "9"]
[EventCountry "AUT"]
[SourceTitle "CBM 195 Extra"]
[Source "ChessBase"]
[SourceDate "2020.05.31"]
[SourceVersion "1"]
[SourceVersionDate "2020.05.31"]
[SourceQuality "1"]

1. e4 e5 2. Nf3 Nf6 3. d4 Nxe4 4. Bd3 d5 5. Nxe5 Bd6 6. 0-0 0-0 7. h3 f6 8. Nf3 Nc6 9. c4 Nb4 10. cxd5 Nxd3 11. Qxd3 Bf5 12. Qb3 b6 13. Nc3 Nxc3 14. bxc3 a5 15. Re1 a4 16. Qd1 Qd7 17. Re3 Rfe8 18. Qe2 Rxe3 19. Bxe3 Re8 20. c4 Bf4 21. Qd2 Bxe3 22. fxe3 Be4 23. Rf1 c6 24. dxc6 Qxc6 25. Qc3 Rc8 26. a3 Bxf3 27. gxf3 Qxc4 28. Qxc4+ Rxc4 29. Rb1 Rc3 30. Kf2 Rb3 31. Rc1 Rxa3 32. Rc8+ Kf7 33. d5 Rd3 34. Rc7+ Kg6 35. e4 a3 36. Ra7 b5 37. Ke2 Rc3 38. d6 Rc8 39. Rxa3 Rd8 40. Rd3 Kf7 41. Rd5 b4 42. Rb5 Rxd6 43. Rxb4 Kg6 44. Rb5 Ra6 45. h4 Ra2+ 46. Ke3 Rh2 47. f4 Rh3+ 48. Kd4 Rxh4 49. Ke3 Rh3+ 50. Kf2 Ra3 51. Rc5 Ra4 52. Kf3 h5 53. Rb5 Ra3+ 54. Kf2 Ra2+ 55. Kf3 Ra1 56. e5 fxe5 57. Rxe5 Rf1+ 58. Kg3 h4+ 59. Kxh4 Rxf4+ 60. Kg3 1/2-1/2